| 000 -LEADER |
| fixed length control field |
00590nam a2200193Ia 4500 |
| 001 - CONTROL NUMBER |
| control field |
5455 |
| 003 - CONTROL NUMBER IDENTIFIER |
| control field |
GE_BSU |
| 008 - FIXED-LENGTH DATA ELEMENTS--GENERAL INFORMATION |
| fixed length control field |
181216s||||||||xx |||||||||||||| ||und|| |
| 040 ## - CATALOGING SOURCE |
| Transcribing agency |
GE_BSU |
| 100 ## - MAIN ENTRY--PERSONAL NAME |
| Personal name |
Егерев, В.К;.Б.А.Радунский,;Д.А.Тальский;. |
| 245 ## - TITLE STATEMENT |
| Title |
Методика построения графиков функций : черт. |
| 245 ## - TITLE STATEMENT |
| Remainder of title |
Учеб.пособиедля студ вузов |
| 250 ## - EDITION STATEMENT |
| Edition statement |
2-е изд |
| 260 ## - PUBLICATION, DISTRIBUTION, ETC. |
| Place of publication, distribution, etc. |
Моска |
| 260 ## - PUBLICATION, DISTRIBUTION, ETC. |
| Name of publisher, distributor, etc. |
Высшая школа |
| 260 ## - PUBLICATION, DISTRIBUTION, ETC. |
| Date of publication, distribution, etc. |
1970. |
| 300 ## - PHYSICAL DESCRIPTION |
| Extent |
149 с.20 см. |
| 942 ## - ADDED ENTRY ELEMENTS (KOHA) |
| Koha item type |
წიგნი |